00691nam a2200205Ia 4500008004100000245004000041245004800081260001900129260000900148300001900157300002700176300001400203440003300217500002800250650005300278650002400331650005600355650006100411650001300472160319s9999 xx 000 0 und d 4aThe nazis: A warning from history:  bThe Road to Treblinka/Fighting to the end / bDolby Digital. c2004 a1 videodisc :  bblack & white, ill. ;  c4 3/4 in. aBBC history of World War II. aTwo titles in each DVD. aGermany -- Politics and government -- 1933-1945. aNational socialism. aNationalsozialistische Deutsche Arbeiter-Partei --  aPolitical parties -- Germany -- History -- 20th century. xHistory.